000 00725nam a22001937a 4500
999 _c188627
_d188627
005 20220531121230.0
010 _aUR-11575
020 _c200.00
035 _aU-10130
037 _bDBAD/PUB
_a-
082 _a270.92
100 _aزین ال اسلام قاسمی
245 _aایل بیت النبی صلى الله عليه وسلم /
_cزین ال اسلام قاسمی
_hا ر د و
246 _aAhal -e- baet alnabi Sallalahu alaihiwasallam musarak aur fazail wa munaqib /
_bby Zainul Islam Qasmi Al Abadi
260 _aDeoband
_bShaikh Al hind Academy Darul Uloom
_c 2021 ء
270 _aZila Saharanpur
_bU.P.
_e247554
300 _a192 ص
_c22cm(pbk)
942 _2ddc
_cUR
_h270.92
_mز ی ن